000 00868nam a22002057a 4500
005 20110929111350.0
010 _aG-001619
020 _c195.00
_a9788189107611
035 1 d _aG-001619
037 _bGift
082 _a179.9
100 _aNelson, Noelle C.
_935031
245 E _aThe power of appreciation in business:
_cby Noelle C. Nelson
_bhow an obsession with value increases performance, productivity and profits /
260 _aBhopal
_bIndra Publishing House
_c2009
270 _aE-5/21, Arera Colony, Habibganj Police Station Road
_bBhopal
_e462016
300 _axvi, 182p.
_c24cm(pbk)
942 _2ddc
_cEN
_h179.9
_mNEL
999 _c57140
_d57140